000 00614nam a2200205Ia 4500
003 GCL
008 140319s9999 xx 000 0 ara d
040 _aGCL /
_cGCL
082 0 4 _a320.5
_bج ب
100 1 _aجورباتشوف
245 1 0 _aالبيريسترويكا والجلاسنوست /
_cجورباتشوف
700 1 _aاحمد فؤاد بلبع
260 _a[S.N] :
_bدار المستقبل العربى ،
_c1988
300 _a351 ص
490 _a
650 0 4 _aالاتحاد السوفيتى
650 0 4 _aالاشتراكية
650 0 4 _aالكتلة الشرقية
942 _2ddc
_cBK
999 _c55643
_d55643